02587nam a2200277 4500001000800000005001700008007000300025008004100028040000800069041000800077100004800085245016800133246015700301300002200458520071500480520070901195650002801904650004301932650003701975650003402012650004802046650004102094773012602135942003102261999001702292ESSALUD20260701155323.0ta t pe ||||| |||| 00| 0 spa d aBMG aspa aChiong Lizano, Orlando Yahir eAutor953079 aLa medida cautelar en la Ley del Procedimiento Administrativo General como garantía estructural de la tutela administrativa efectiva ante situaciones de urgencia aPrecautionary measures in the General Administrative Procedure Law as a structural guarantee of effective administrative protection in urgent situations apáginas 151-162 aEl artículo examina la medida cautelar prevista en el Texto Único Ordenado de la Ley del Procedimiento Administrativo General - Ley Nº 27444, como instrumento esencial para asegurar la tutela administrativa en situaciones urgentes, revisando su naturaleza, finalidad y fundamento normativo. El estudio también aborda su relación con la autotutela administrativa y los referentes comparados europeo-latinoamericanos. Finalmente, se identifican limitaciones normativas y operativas en la aplicación de las medidas cautelares en sede administrativa en el Perú y se plantean lineamientos orientados a fortalecer su eficacia dentro de un modelo administrativo garantista y orientado al valor público. aThis article examines the precautionary measure provided far in the Consolidated Text of the General Administrative Procedure Law - Law No. 27444 – as an essential instrument for ensuring administrative protection in urgent situations, reviewing its nature, purpose, and legal basis. The study also addresses its relationship with administrative self-protection and comparative European and Latin American precedents. Finally, it identifies regulatory and operational limitations in the application of precautionary measures in administrative proceedings in Peru and proposes guidelines aimed at strengthening their effectiveness within a rights-based administrative model oriented toward public value. aMEDIDA CAUTELAR 953080 aTUTELA ADMINISTRATIVA EFECTIVA 953081 aAUTOTUTELA ADMINISTRATIVA953082 aPRECAUTIONARY MEASURE 953083 aEFFECTIVE ADMINISTRATIVE PROTECTION 953084 aADMINISTRATIVE SELFPROTECTION9530850 022573922621dLima Grupo Praxis Formación Profesional, 2026-oPRA002tPraxis Civil & Procesal CivilwESSALUDx3119-7671 cARTICULOSe2026-07-01zsqb c22604d22604